Monochrome and Colour Television (Record no. 248751)
[ view plain ]
| 000 -LEADER | |
|---|---|
| fixed length control field | 00410nam a2200169Ia 4500 |
| 008 - FIXED-LENGTH DATA ELEMENTS--GENERAL INFORMATION | |
| fixed length control field | 240921s9999||||xx |||||||||||||| ||und|| |
| 082 ## - DEWEY DECIMAL CLASSIFICATION NUMBER | |
| -- | 621.38804 P6 |
| 100 ## - MAIN ENTRY--PERSONAL NAME | |
| Personal name | Gulati R R |
| 245 #0 - TITLE STATEMENT | |
| Title | Monochrome and Colour Television |
| 250 ## - EDITION STATEMENT | |
| Edition statement | 2nd |
| 260 ## - PUBLICATION, DISTRIBUTION, ETC. (IMPRINT) | |
| Date of publication, distribution, etc | 2006 |
| Name of publisher, distributor, etc | PHI,New |
| Place of publication, distribution, etc | New Delhi |
| 650 ## - SUBJECT ADDED ENTRY--TOPICAL TERM | |
| Topical term or geographic name as entry element | Television |
| 942 ## - ADDED ENTRY ELEMENTS (KOHA) | |
| Item type | Book Bank |
| Withdrawn status | Lost status | Damaged status | Permanent location | Current location | Shelving location | Date acquired | Source of acquisition | Cost, normal purchase price | Full call number | Barcode | Date last seen | Koha item type |
|---|---|---|---|---|---|---|---|---|---|---|---|---|
| CENTRAL LIBRARY, NOORUL ISLAM CENTRE FOR HIGHER EDUCATION | CENTRAL LIBRARY, NOORUL ISLAM CENTRE FOR HIGHER EDUCATION | Nil | 275.00 | 621.38804 P6 | BB 907 | 09/21/2024 | Book Bank |
